| 000 | 01038cas a2200253 4500 | ||
|---|---|---|---|
| 001 | L153747 | ||
| 008 | 110824c2001 eng u | ||
| 035 | _a(Sirsi) u153747 | ||
| 041 | 0 | _aeng | |
| 050 | _a333.33 $2 18 | ||
| 110 | 2 |
_aRyden _92067 |
|
| 245 | 0 | 0 |
_aScottish property review _h[electronic resource] |
| 260 |
_a[S.l.] _bRyden _cApril 2001- |
||
| 362 | 0 | _aApril 2001- | |
| 490 | 0 |
_aRyden Scottish Property Review _vApril 2001- |
|
| 520 | _aOverview of the Scottish property market providing commentary on the economy and planning and analysis of the office, industrial, retail and investment property markets. | ||
| 554 | _aOne per year | ||
| 650 | 2 | 4 | _aRYDEN SCOTTISH PROPERTY REVIEW |
| 651 | 4 |
_aScotland _y1999- |
|
| 690 | _aPROPERTY-COMMERCIAL PROPERTY-COMMERCIAL PROPERTY FINANCE AND INVESTMENT | ||
| 690 | _aPROPERTY-COMMERCIAL PROPERTY-COMMERCIAL PROPERTY MARKET | ||
| 856 | 4 | 0 |
_uhttps://www.ryden.co.uk/News/scottishPropertyReview.php _zView the property review free of charge at www.ryden.co.uk |
| 942 | _n0 | ||
| 999 |
_c119360 _d119360 |
||